| 000 | 01032nas a2200325 i 4500 | ||
|---|---|---|---|
| 001 | 1743 | ||
| 003 | ES-MaACL | ||
| 005 | 20250721062537.0 | ||
| 007 | t| | ||
| 008 | 950801c1955 sp | | 1 ||pa d | ||
| 022 | _a0408-3407 | ||
| 080 | _a(460) | ||
| 080 | _a31 | ||
| 080 | _a33 | ||
| 245 | 0 | 0 |
_aRenta nacional de España y su distribución provincial / _cBanco Bilbao Vizcaya. |
| 260 |
_aBilbao : _bBanco Bilbao Vizcaya, Servicio de Estudios, _c1955- |
||
| 300 |
_a9 v. ; _c24 cm. |
||
| 310 | _aBienal | ||
| 362 | 0 | _a1955- | |
| 500 | _aDescripción basada en : n. de 1987. Hasta esa fecha, la entidad es Banco de Bilbao. | ||
| 650 | 1 | 4 |
_aEstadística. _912520 |
| 650 | 1 | 7 |
_aEconomía _2embne _912006 |
| 655 | 7 |
_2tgfbne _9226866 _aRevistas |
|
| 710 | 2 |
_aBanco Bilbao Vizcaya. _92087 |
|
| 852 |
_aES-MaACL _jHem-1899 _zExpurgado marzo 2025: posaterior 1958; en Banco Bilbao Vizcaya |
||
| 866 | 0 | _o1955-57,1962,1987-2000. | |
| 942 |
_2udc _cPERIODICA |
||
| 999 |
_c1743 _d1743 |
||